Statistics for Brunei Picture Quiz

Click here to take the quiz!

General Stats

  • This quiz has been taken 2 times
  • The average score is 10 of 14

Answer Stats

Answer% Correct
Bandar Seri Begawan
100%
Borneo
100%
Brunei Dollar
100%
Hassanal Bolkiah
100%
Malaysia
100%
Royal Brunei Airlines
100%
Ambuyat
50%
Belait District
50%
Istana Nurul Iman
50%
Kampong Ayer
50%
Kuala Belait
50%
Omar Ali Saifuddien Mosque
50%
Temburong District
50%
Jipin Tar/Joget
0%

Score Distribution

Percentile by Number Answered

Percent of People with Each Score

Your Score History

You have not taken this quiz